• 首页
  • 本馆介绍
  • 公告通知
  • 最新文献
  • 馆藏检索
  • 电子资源
  • 读者导购
  • 参考咨询
  • 我的图书馆
  • 登录
  • 详细信息显示
  • 放入我的书架
  • 预约/预借图书
  • 作者相关作品
  • 分类相关作品
  • 丛书相关作品
  • 出版社相关作品

书目信息

  • 表格格式
  • 工作单格式
  • 卡片格式
题名:
化学热力学
    
 
作者: 纳希 著 ;谢高阳 译
分册:  
出版信息: 上海   复旦大学出版社  1989.05
页数: 189页
开本: 21cm
丛书名:
单 册:
中图分类: O642.1
科图分类:
主题词: 物理化学 , 量子化学
电子资源:
ISBN: 7-309-00119-2
000 00772nam0 2200229 45
001 0405200995
005 20040907102000.4
010    @a7-309-00119-2@dCNY1.55
100    @a20040520d1989 km y0chiy0120 ea
101 0  @achi
105    @a z 000yy
200 1  @a化学热力学@AHua Xue Re Li Xue@e经典化学热力学的统计探讨@EJing Dian HuaXue Re Li Xue De Tong Ji Tan Tao@f(美)L·K·纳希著@F(Mei)L·K·Na Xi Zhu@g谢高阳等译
210    @a上海@c复旦大学出版社@d1989.05
215    @a189页@d21cm
517    @a经典化学热力学的统计探讨@AJing Dian Hua Xue Re Li Xue De Tong Ji Tan Tao
606 0  @a物理化学
606 0  @a量子化学
690    @aO642.1@v3
701  0 @a纳希@4著
702  0 @a谢高阳@AXie Gao Yang@4译
801    @aCN@bPftUser@c20040520
905    @dO642.1@e32@f1@b225614
    
    化学热力学:经典化学热力学的统计探讨/(美)L·K·纳希著/谢高阳等译.-上海:复旦大学出版社,1989.05
    189页;21cm
    
    
    ISBN 7-309-00119-2:CNY1.55
    
●
相关链接 在E读中查询图书 在五车中查询图书 在当当中查询图书 在豆瓣中查询图书


正题名:化学热力学     索取号:O642.1/32         预约/预借

序号 登录号 条形码 馆藏地/架位号 状态 备注
1 0225614   001947807   密集书库/ [索取号:O642.1/32] 在馆    
2 0225615   000342061   第三借阅区/ [索取号:O642.1/32] 在馆    
3 0225616   000342070   第二样本阅览室/ [索取号:O642.1/32] 在馆    
唐山师范学院图书馆 欢迎您!
大连网信软件有限公司© 版权所有